Countries by Items on their Flag - Statistics

General Stats
  • This quiz has been taken 1,692 times
  • The average score is 12 of 20
Answer Stats
Object Answer % Correct
Maple Leaf Canada
100%
Cedar Tree Lebanon
88%
Double-Headed Eagle Albania | Montenegro | Serbia
87%
Angkor Wat Cambodia
82%
A Map of the Country Cyprus | Kosovo
78%
White Dragon Bhutan
76%
Ashoka Chakra (24 Spoked Wheel) India
75%
AK-47 Mozambique
74%
Maasai Shield Kenya
70%
Trident Barbados
69%
Tiara & Keys Vatican City
55%
Sword Saudi Arabia
51%
Bird of Paradise Papua New Guinea
50%
Sisserou Parrot Dominica
44%
George Cross Malta
39%
Machete Angola
35%
Carpets Turkmenistan
34%
Olive Branch Cyprus | Eritrea
32%
Grey Crowned Crane Uganda
29%
Prickly Pear Mexico
25%
No matching quizzes found
Score Distribution
Percent of People with Each Score
Percentile by Number Answered
Your Score History
You have not taken this quiz